[Event "4th Batumi Cup 2018"]
[Site "Batumi"]
[Date "2018.07.06"]
[Round "5"]
[White "Rahul Srivatshav P"]
[Black "Primbetov, Kazbek"]
[Result "1-0"]
[WhiteElo "2397"]
[BlackElo "2257"]
[Annotator "NA"]
[PlyCount "125"]
[EventDate "2018.07.03"]
[EventType "swiss"]
[EventCountry "GEO"]
[SourceTitle "playchess.com"]
[Source "ChessBase"]
[SourceQuality "1"]
[TimeControl "40/5400+30:1800+30"]

{[%evp 17,124,-8,32767,16,32767,32767,33,18,32767,24,20,32767,10,32767,32767,32767,32767,32767,32767,32767,32767,147,153,32767,196,187,32767,32767,75,32767,32767,1,2,7,32767,32767,32767,32767,32767,32767,32767,12,18,32767,32767,0,68,32767,61,58,32767,32767,106,24,32767,32767,32767,2,6,32767,24,0,0,0,20,18,16,32767,32767,26,32767,24,50,32767,32767,32767,126,114,115,102,114,123,127,128,153,141,600,650,283,460,521,12841,360,32767,453,32767,32767,32767,12844,650,564,709,32767,600,12845,1446,12846,704,5189]} 1. e4 {[%emt 0:00:00]} c5 {[%emt 0:00:00]} 2. Nf3 {[%emt 0:00:00]} d6 {[%emt 0:00:00]} 3. Bb5+ {[%emt 0:00:28]} Bd7 {[%emt 0:00:00]} 4. c4 {[%emt 0:00:33]} Nc6 {[%emt 0:00:00]} 5. d4 {[%emt 0:00:30]} cxd4 {[%emt 0:00:00]} 6. Nxd4 {[%emt 0:00:19]} Nf6 {[%emt 0:00:00] B54: Sicilian: 2...d6 3 d4 cxd4 4 Nxd4, Unusual Lines} (6... g6 7. Nc3 Bg7 8. Be3 Nf6 9. f3 O-O 10. Bxc6 bxc6 11. O-O e5 12. Nde2 Be6 13. Qa4 d5 14. cxd5 cxd5 15. exd5 Nxd5 16. Nxd5 Qxd5 {½-½ (31) Romanov,E (2619)-Artemiev,V (2704) Sochi 2018}) 7. Nc3 {[%emt 0:00:28]} g6 {[%emt 0:05:25]} 8. O-O {[%emt 0:00:39]} Bg7 {[%emt 0:00:05]} 9. Bxc6 {[%emt 0:06:51]} Bxc6 {[%emt 0:02:58]} 10. Re1 {[%emt 0:01:42] LiveBook: 13 Partien} O-O {[%emt 0:05:15]} 11. h3 $146 {[%emt 0:09:38]} ({Predecessor:} 11. b3 a5 12. Bb2 Nd7 {1-0 (40) Cornette,M (2586)-Moussard,J (2487) Saint-Quentin 2015}) 11... Rc8 {[%emt 0:01:59]} 12. b3 {[%emt 0:06:13]} a6 {[%emt 0:18:36]} 13. Bb2 {[%emt 0:01:19]} e6 {[%emt 0:06:42]} 14. Qd2 {[%emt 0:15:40]} Qa5 {[%emt 0:01:25]} 15. Rad1 {[%emt 0:03:08]} Qh5 {[%emt 0:03:18]} 16. Ba3 {[%emt 0:07:51]} Rfd8 {[%emt 0:08:08]} 17. Nxc6 {[%emt 0:01:35]} Rxc6 {[%emt 0:00:16]} 18. e5 {[%emt 0:01:32]} Ne8 {[%emt 0:00:37]} 19. exd6 {[%emt 0:02:16]} Qa5 {[%emt 0:01:21]} 20. Nb1 {[%emt 0:04:46]} Qf5 {[%emt 0:11:10]} 21. c5 {[%emt 0:02:07]} b6 {[%emt 0:04:12]} 22. cxb6 {[%emt 0:17:40]} Nxd6 {[%emt 0:09:13]} 23. Bxd6 {[%emt 0:07:34]} Rxb6 {[%emt 0:00:30]} 24. g4 {[%emt 0:03:50]} Qf6 $1 {[%emt 0:01:48]} 25. Be5 {[%emt 0:01:03]} Rxd2 {[%emt 0:00:30]} 26. Bxf6 {[%emt 0:00:01]} Rxd1 {[%emt 0:00:07]} 27. Rxd1 {[%emt 0:00:02]} Bxf6 {[%emt 0:00:06]} 28. Na3 {[%emt 0:00:10]} a5 {[%emt 0:02:36]} 29. Nc4 {[%emt 0:00:26]} Rb5 {[%emt 0:00:01]} 30. Rd7 {[%emt 0:03:32]} Bc3 {[%emt 0:02:39]} 31. Rxf7 {[%emt 0:00:41]} a4 {[%emt 0:00:11]} (31... Rxb3 $1 $11 32. axb3 Kxf7) 32. Re7 {[%emt 0:00:25]} axb3 {[%emt 0:01:29]} 33. axb3 {[%emt 0:00:01]} e5 {[%emt 0:00:39]} 34. Kg2 {[%emt 0:00:25]} h6 {[%emt 0:01:30]} 35. Nd6 {[%emt 0:01:24]} (35. Re6 $16) 35... Rxb3 {[%emt 0:00:12]} 36. Ne4 {[%emt 0:00:06]} Bd4 {[%emt 0:00:06]} 37. Nf6+ {[%emt 0:00:40]} Kf8 {[%emt 0:00:07]} 38. Rh7 {[%emt 0:01:16]} Rb2 {[%emt 0:06:29]} 39. Nd7+ {[%emt 0:00:36]} Kg8 {[%emt 0:00:38]} 40. Nf6+ {[%emt 0:00:00]} Kf8 {[%emt 0:00:00]} 41. Ne4 {[%emt 0:00:48]} Be3 {[%emt 0:02:48]} 42. Kf3 {[%emt 0:02:06]} Bf4 {[%emt 0:00:05]} 43. Nc5 {[%emt 0:00:59]} Kg8 {[%emt 0:00:54]} 44. Rd7 {[%emt 0:01:28]} Rc2 {[%emt 0:00:28]} 45. Ne6 {[%emt 0:01:17]} Rc3+ {[%emt 0:00:49]} 46. Ke4 {[%emt 0:00:39]} Rc4+ {[%emt 0:02:19]} (46... Kh8 $14) 47. Kd3 {[%emt 0:00:48]} Ra4 {[%emt 0:00:08]} 48. Rg7+ {[%emt 0:01:08]} Kh8 {[%emt 0:00:00]} 49. Rxg6 {[%emt 0:00:45]} e4+ {[%emt 0:00:52] [#]} 50. Ke2 $1 {[%emt 0:00:48]} Ra2+ {[%emt 0:00:22]} 51. Kf1 {[%emt 0:00:31]} e3 $2 {[%emt 0:03:37]} (51... Bc1 $16 52. Nd4 Ra4) 52. Nxf4 {[%emt 0:00:36]} Rxf2+ {[%emt 0:00:02] [#]} 53. Kg1 $1 {[%emt 0:01:34]} Rxf4 {[%emt 0:01:36]} 54. Rxh6+ {[%emt 0:00:05]} Kg7 {[%emt 0:00:13]} 55. Re6 {[%emt 0:00:02]} Rf3 {[%emt 0:00:19]} 56. Kg2 {[%emt 0:00:17]} Rf2+ {[%emt 0:00:04]} 57. Kg3 {[%emt 0:00:01]} Re2 {[%emt 0:00:06]} 58. h4 {[%emt 0:03:02]} Re1 {[%emt 0:00:33]} 59. Kf4 {[%emt 0:01:18]} Rf1+ {[%emt 0:01:12]} 60. Kg5 {[%emt 0:00:11]} Rf3 {[%emt 0:00:05]} 61. h5 {[%emt 0:00:23]} Kf7 {[%emt 0:01:56]} 62. Re4 {[%emt 0:00:05]} Rh3 $18 {[%emt 0:02:59]} 63. Kf4 {[%emt 0:00:15]} 1-0

[Event "4th Batumi Cup 2018"]
[Site "Batumi"]
[Date "2018.07.06"]
[Round "5"]
[White "Oboladze, Luka"]
[Black "Khomeriki, Nino"]
[Result "0-1"]
[WhiteElo "2378"]
[BlackElo "2257"]
[Annotator "RC"]
[PlyCount "120"]
[EventDate "2018.07.03"]
[EventType "swiss"]
[EventCountry "GEO"]
[SourceTitle "playchess.com"]
[Source "ChessBase"]
[SourceQuality "1"]
[TimeControl "40/5400+30:1800+30"]

1. c4 {[%emt 0:00:00]} e5 {[%emt 0:00:00]} 2. Nc3 {[%emt 0:00:00]} Nc6 {[%emt 0:00:00]} 3. g3 {[%emt 0:00:00]} g6 {[%emt 0:00:00]} 4. Bg2 {[%emt 0:00:00]} Bg7 {[%emt 0:00:00]} 5. e3 {[%emt 0:00:00]} Nf6 {[%emt 0:00:02]} 6. Nge2 {[%emt 0:00:03]} O-O {[%emt 0:00:06]} 7. O-O {[%emt 0:00:07]} d6 {[%emt 0:00:07]} 8. d3 {[%emt 0:00:06]} Be6 {[%emt 0:00:17]} 9. Nd5 {[%emt 0:00:07]} Qd7 {[%emt 0:00:17]} 10. e4 {[%emt 0:00:18]} Ne8 {[%emt 0:04:44]} 11. Be3 {[%emt 0:07:21]} Nd8 {[%emt 0:01:21]} 12. f4 {[%emt 0:07:20]} c6 {[%emt 0:03:17]} 13. f5 {[%emt 0:00:58]} gxf5 {[%emt 0:04:13]} 14. exf5 {[%emt 0:00:16]} Bxf5 {[%emt 0:00:47]} 15. Rxf5 {[%emt 0:00:40]} cxd5 {[%emt 0:00:06]} 16. Qf1 {[%emt 0:02:45]} d4 {[%emt 0:01:55]} 17. Bd2 {[%emt 0:01:04]} Nc6 {[%emt 0:08:21]} 18. Be4 {[%emt 0:10:33]} Ne7 {[%emt 0:06:36]} 19. g4 {[%emt 0:09:29]} d5 {[%emt 0:08:36]} 20. cxd5 {[%emt 0:03:49]} Nd6 {[%emt 0:01:11]} 21. Ng3 {[%emt 0:08:19]} Nexf5 {[%emt 0:04:08]} 22. Bxf5 {[%emt 0:01:36]} Nxf5 {[%emt 0:01:23]} 23. Nxf5 {[%emt 0:00:12]} f6 {[%emt 0:07:41]} 24. Qf3 {[%emt 0:01:13]} Rf7 {[%emt 0:02:52]} 25. d6 {[%emt 0:15:19]} Rc8 {[%emt 0:02:17]} 26. Bh6 {[%emt 0:09:23]} Bf8 {[%emt 0:02:51]} 27. Bxf8 {[%emt 0:00:32]} Kxf8 {[%emt 0:00:22]} 28. Nh6 {[%emt 0:00:29]} Rc6 {[%emt 0:04:58]} 29. Nxf7 {[%emt 0:02:09]} Qxf7 {[%emt 0:07:20]} 30. Qf5 {[%emt 0:05:05]} Rxd6 {[%emt 0:02:19]} 31. Rf1 {[%emt 0:03:43]} Kg7 {[%emt 0:01:38]} 32. Qe4 {[%emt 0:01:19]} Rc6 {[%emt 0:08:06]} 33. g5 {[%emt 0:03:45]} Qg6 {[%emt 0:06:01]} 34. Rf5 {[%emt 0:00:06]} fxg5 {[%emt 0:07:12]} 35. Qxe5+ {[%emt 0:00:12]} Kh6 {[%emt 0:00:18]} 36. Rf3 {[%emt 0:01:36]} Qe6 {[%emt 0:01:48]} 37. Qxd4 {[%emt 0:01:08]} Kg6 {[%emt 0:01:06]} 38. Qe4+ {[%emt 0:02:51]} Qxe4 {[%emt 0:00:22]} 39. dxe4 {[%emt 0:00:06]} Rc4 {[%emt 0:04:17]} 40. Rb3 {[%emt 0:00:00]} b6 {[%emt 0:00:00]} 41. Ra3 {[%emt 0:02:14]} a5 {[%emt 0:05:14]} 42. Rb3 {[%emt 0:00:39]} Rb4 {[%emt 0:03:58]} 43. Rf3 {[%emt 0:14:29]} Rxe4 {[%emt 0:03:26]} 44. Rf2 {[%emt 0:01:04]} Rg4+ {[%emt 0:02:23]} 45. Kh1 {[%emt 0:00:10]} h5 {[%emt 0:00:11]} 46. h3 {[%emt 0:00:44]} Rf4 {[%emt 0:01:17]} 47. Rc2 {[%emt 0:00:09]} Kf5 {[%emt 0:00:45]} 48. Kg2 {[%emt 0:00:15]} Rb4 {[%emt 0:00:56]} 49. Kf3 {[%emt 0:00:52]} Rf4+ {[%emt 0:00:58]} 50. Kg2 {[%emt 0:00:18]} Ke5 {[%emt 0:00:45]} 51. Rc6 {[%emt 0:00:56]} Rf6 {[%emt 0:00:14]} 52. Rc8 {[%emt 0:00:27]} Kd4 {[%emt 0:01:00]} 53. Kg3 {[%emt 0:00:36]} Rf4 {[%emt 0:02:36]} 54. Rg8 {[%emt 0:04:13]} h4+ {[%emt 0:00:10]} 55. Kg2 {[%emt 0:00:02]} Rf5 {[%emt 0:00:05]} 56. Rg6 {[%emt 0:00:36]} Rb5 {[%emt 0:03:57]} 57. Kf3 {[%emt 0:00:45]} Kd3 {[%emt 0:01:47]} 58. Kg4 {[%emt 0:08:15]} Kc2 {[%emt 0:00:55]} 59. a4 {[%emt 0:00:21]} Rb4+ {[%emt 0:00:41]} 60. Kxg5 {[%emt 0:00:05]} Kxb2 {[%emt 0:00:19]} 0-1

[Event "4th Batumi Cup 2018"]
[Site "Batumi"]
[Date "2018.07.06"]
[Round "5"]
[White "Martynov, Roman"]
[Black "Sanchez, Louis"]
[Result "1/2-1/2"]
[WhiteElo "2366"]
[BlackElo "2290"]
[Annotator "NA"]
[PlyCount "48"]
[EventDate "2018.07.03"]
[EventType "swiss"]
[EventCountry "GEO"]
[SourceTitle "playchess.com"]
[Source "ChessBase"]
[SourceQuality "1"]
[TimeControl "40/5400+30:1800+30"]

1. d4 {[%emt 0:00:00]} d5 {[%emt 0:00:00]} 2. c4 {[%emt 0:00:40]} e6 {[%emt 0:00:14]} 3. Nf3 {[%emt 0:00:39]} Nf6 {[%emt 0:00:51]} 4. g3 {[%emt 0:00:24]} Bb4+ {[%emt 0:01:04]} 5. Bd2 {[%emt 0:00:12]} Be7 {[%emt 0:00:48]} 6. Bg2 {[%emt 0:01:13]} c6 {[%emt 0:01:12]} 7. Qc2 {[%emt 0:01:18]} b6 {[%emt 0:01:20]} 8. O-O {[%emt 0:03:18]} Nbd7 {[%emt 0:01:52]} 9. Bf4 {[%emt 0:32:00]} Bb7 {[%emt 0:04:32]} 10. Nc3 {[%emt 0:01:58]} dxc4 {[%emt 0:07:29] LiveBook: 3 Games} 11. Nd2 {[%emt 0:00:58]} Nd5 {[%emt 0:03:15]} 12. Nxc4 {[%emt 0:01:09]} Nxf4 {[%emt 0:00:44]} 13. gxf4 {[%emt 0:00:01]} O-O {[%emt 0:05:57]} 14. Rfd1 {[%emt 0:01:08]} Qc7 {[%emt 0:01:24]} 15. e3 {[%emt 0:00:17]} Rad8 {[%emt 0:00:57]} 16. a3 {[%emt 0:05:56]} c5 {[%emt 0:07:01]} 17. d5 {[%emt 0:09:50]} exd5 {[%emt 0:00:21]} 18. Nxd5 {[%emt 0:00:10]} Bxd5 {[%emt 0:01:55]} 19. Rxd5 {[%emt 0:01:21]} b5 {[%emt 0:02:27]} 20. Ne5 {[%emt 0:01:01]} Nxe5 {[%emt 0:00:36]} 21. Rxe5 {[%emt 0:00:02]} Bd6 {[%emt 0:08:28]} 22. Rd5 {[%emt 0:00:25]} Be7 {[%emt 0:00:42]} 23. Re5 {[%emt 0:01:09]} (23. Bf1 $2 {[%emt 0:37:05][%mdl 8192]}) (23. a4 $11) 23... Bd6 {[%emt 0:01:03]} 24. Rd5 {[%emt 0:00:16]} Be7 {[%emt 0:01:18]} 1/2-1/2

[Event "4th Batumi Cup 2018"]
[Site "Batumi"]
[Date "2018.07.06"]
[Round "5"]
[White "Sattarov, Bobir"]
[Black "Eynullayev, Altay"]
[Result "1-0"]
[WhiteElo "2328"]
[BlackElo "2134"]
[Annotator "NA"]
[PlyCount "103"]
[EventDate "2018.07.03"]
[EventType "swiss"]
[EventCountry "GEO"]
[SourceTitle "playchess.com"]
[Source "ChessBase"]
[SourceQuality "1"]
[TimeControl "40/5400+30:1800+30"]

1. e4 {[%emt 0:00:00]} e6 {[%emt 0:00:00]} 2. Qe2 {[%emt 0:00:55]} c5 {[%emt 0:00:00]} 3. Nf3 {[%emt 0:00:07]} Nc6 {[%emt 0:00:53]} 4. g3 {[%emt 0:00:07]} g6 {[%emt 0:00:05]} 5. Bg2 {[%emt 0:00:06]} Bg7 {[%emt 0:00:06]} 6. O-O {[%emt 0:00:16]} Nge7 {[%emt 0:00:31]} 7. c3 {[%emt 0:05:12]} O-O {[%emt 0:01:35]} 8. d3 {[%emt 0:01:16]} d6 {[%emt 0:04:21]} 9. Rd1 {[%emt 0:01:21] C00: French: Unusual White 2nd moves} (9. a3 b5 10. b4 cxb4 11. axb4 a5 12. Bb2 Bd7 13. Na3 Qb6 14. bxa5 Rxa5 15. c4 b4 16. Nb5 Rfa8 17. Bxg7 Kxg7 {½-½ (53) Bauer,C (2628)-Prusikin,M (2512) Switzerland 2018}) 9... e5 {[%emt 0:03:03]} 10. a3 {[%emt 0:00:35] LiveBook: 8 Games} Be6 {[%emt 0:10:06]} 11. b4 {[%emt 0:00:12]} Rc8 $146 {[%emt 0:02:59]} ({Predecessor:} 11... a6 12. Be3 cxb4 13. axb4 d5 14. Ng5 Bc8 15. exd5 Nxd5 16. Bc5 Re8 {½-½ (82) Peptan,C (2422)-Nguyen,T (2307) Tromsoe 2014}) 12. Bb2 {[%emt 0:00:09]} Qc7 {[%emt 0:14:57]} 13. Nbd2 {[%emt 0:00:18]} a6 {[%emt 0:02:16]} 14. Rac1 {[%emt 0:00:24]} b5 {[%emt 0:04:08]} 15. Nf1 {[%emt 0:05:08]} Rfe8 {[%emt 0:03:43]} 16. Ne3 {[%emt 0:04:25]} h6 {[%emt 0:03:28]} 17. Qd2 {[%emt 0:06:39]} Qb6 {[%emt 0:03:33]} 18. h4 {[%emt 0:03:31]} a5 {[%emt 0:03:39]} 19. h5 {[%emt 0:01:22]} axb4 {[%emt 0:06:00]} 20. axb4 {[%emt 0:00:10]} cxb4 {[%emt 0:02:22]} 21. hxg6 {[%emt 0:00:06]} fxg6 {[%emt 0:00:07]} 22. cxb4 {[%emt 0:00:05]} Nd4 {[%emt 0:00:40]} 23. Nxd4 {[%emt 0:02:53]} exd4 {[%emt 0:00:13]} 24. Nd5 {[%emt 0:00:17]} Nxd5 {[%emt 0:01:20]} 25. exd5 {[%emt 0:00:02]} Bg4 {[%emt 0:01:39]} 26. Rxc8 {[%emt 0:00:22]} Rxc8 {[%emt 0:00:25]} 27. Re1 {[%emt 0:00:02]} Bf5 {[%emt 0:03:36]} 28. Be4 {[%emt 0:02:05]} Bxe4 {[%emt 0:07:49]} 29. Rxe4 {[%emt 0:00:02]} Qc7 {[%emt 0:01:45]} 30. Qe1 {[%emt 0:07:51]} Qc2 {[%emt 0:09:39]} 31. Bxd4 {[%emt 0:00:26]} Bxd4 {[%emt 0:00:53]} 32. Rxd4 {[%emt 0:00:06]} Qc1 {[%emt 0:00:09]} 33. Qxc1 {[%emt 0:01:19]} Rxc1+ {[%emt 0:00:02]} 34. Kg2 {[%emt 0:00:06]} Re1 {[%emt 0:03:25]} 35. Re4 {[%emt 0:04:36]} Rd1 $1 {[%emt 0:00:28]} 36. Re3 {[%emt 0:00:12]} Kf7 {[%emt 0:00:45]} 37. Kf3 {[%emt 0:00:13]} Rd2 {[%emt 0:00:26]} 38. g4 {[%emt 0:06:10]} g5 {[%emt 0:02:23]} 39. Re6 {[%emt 0:10:09]} Rxd3+ {[%emt 0:01:55]} 40. Ke4 {[%emt 0:00:00]} Rb3 {[%emt 0:00:00]} 41. Rxh6 {[%emt 0:00:44]} Rxb4+ {[%emt 0:10:47]} 42. Kf5 {[%emt 0:00:06]} Rf4+ {[%emt 0:01:43]} 43. Kxg5 {[%emt 0:00:11]} Rxf2 {[%emt 0:00:08]} 44. Rh7+ {[%emt 0:12:00]} Kf8 $2 {[%emt 0:00:53]} ({Black should try} 44... Ke8 $14) 45. Rb7 {[%emt 0:02:01]} Rb2 {[%emt 0:01:56] [#]} 46. Kf6 $1 {[%emt 0:00:54]} Ke8 $2 {[%emt 0:01:31]} (46... Rf2+ 47. Ke6 Rb2 48. Kxd6 b4) 47. g5 {[%emt 0:03:45]} Rf2+ {[%emt 0:07:24]} 48. Ke6 $18 {[%emt 0:00:11]} Re2+ {[%emt 0:01:13]} 49. Kxd6 {[%emt 0:00:06]} Rg2 {[%emt 0:00:06]} 50. Rxb5 {[%emt 0:00:13]} Rxg5 {[%emt 0:00:08]} 51. Rb8+ {[%emt 0:00:03]} Kf7 {[%emt 0:00:04]} 52. Kc6 {[%emt 0:00:04]} 1-0

[Event "4th Batumi Cup 2018"]
[Site "Batumi"]
[Date "2018.07.06"]
[Round "5"]
[White "Gvetadze, Sofio"]
[Black "Mosadeghpour, Masoud"]
[Result "0-1"]
[WhiteElo "2316"]
[BlackElo "2531"]
[Annotator "ChessBase"]
[PlyCount "42"]
[EventDate "2018.07.03"]
[EventType "swiss"]
[EventCountry "GEO"]
[SourceTitle "playchess.com"]
[Source "ChessBase"]
[SourceQuality "1"]
[TimeControl "40/5400+30:1800+30"]

1. e4 {[%emt 0:00:00]} e5 {[%emt 0:03:06]} 2. Nf3 {[%emt 0:00:00]} Nc6 {[%emt 0:00:03]} 3. Nc3 {[%emt 0:00:00]} Nf6 {[%emt 0:00:18]} 4. h3 {[%emt 0:00:00]} Bb4 {[%emt 0:00:46]} 5. Bd3 {[%emt 0:00:13]} d6 {[%emt 0:00:35]} 6. O-O {[%emt 0:00:30]} a6 {[%emt 0:02:14]} 7. Ne2 {[%emt 0:03:19]} g5 {[%emt 0:05:37]} 8. c3 {[%emt 0:05:24]} Bc5 {[%emt 0:02:19]} 9. Nxg5 {[%emt 0:01:27]} Rg8 {[%emt 0:01:31]} 10. Nxf7 {[%emt 0:00:36]} Kxf7 {[%emt 0:00:36]} 11. Bc4+ {[%emt 0:00:05]} d5 {[%emt 0:00:14]} 12. exd5 {[%emt 0:00:34]} Na5 {[%emt 0:00:12]} 13. d4 {[%emt 0:03:20]} Nxc4 {[%emt 0:07:30]} 14. dxc5 {[%emt 0:00:24]} Bxh3 {[%emt 0:00:04]} 15. Ng3 {[%emt 0:00:34]} Bg4 {[%emt 0:00:25]} 16. f3 {[%emt 0:03:03]} Bh3 {[%emt 0:07:24]} 17. Kf2 {[%emt 0:00:47]} Qf8 {[%emt 0:01:38]} 18. gxh3 {[%emt 0:02:56]} Qxc5+ {[%emt 0:00:18]} 19. Kg2 {[%emt 0:00:04]} Nh5 {[%emt 0:00:41]} 20. f4 {[%emt 0:00:22]} Nxg3 {[%emt 0:00:19]} 21. Rf3 {[%emt 0:00:20]} Nf1+ {[%emt 0:00:38]} 0-1

[Event "4th Batumi Cup 2018"]
[Site "Batumi"]
[Date "2018.07.06"]
[Round "5"]
[White "Garayev, Kanan"]
[Black "Pogosyan, Stefan"]
[Result "1-0"]
[WhiteElo "2300"]
[BlackElo "2356"]
[Annotator "NA"]
[PlyCount "63"]
[EventDate "2018.07.03"]
[EventType "swiss"]
[EventCountry "GEO"]
[SourceTitle "playchess.com"]
[Source "ChessBase"]
[SourceQuality "1"]
[TimeControl "40/5400+30:1800+30"]

1. d4 {[%emt 0:00:00]} Nf6 {[%emt 0:37:33]} 2. Nf3 {[%emt 0:00:00]} e6 {[%emt 0:00:25]} 3. c4 {[%emt 0:00:00]} b6 {[%emt 0:00:30]} 4. Nc3 {[%emt 0:03:07]} Bb4 {[%emt 0:00:08]} 5. Bg5 {[%emt 0:01:46]} h6 {[%emt 0:00:30]} 6. Bh4 {[%emt 0:00:43]} g5 {[%emt 0:00:07]} 7. Bg3 {[%emt 0:00:04]} Ne4 {[%emt 0:00:06]} 8. Qc2 {[%emt 0:01:34]} f5 {[%emt 0:00:11]} 9. e3 {[%emt 0:00:53]} Bb7 {[%emt 0:00:44] LiveBook: 53 Games} 10. Nd2 {[%emt 0:07:03] E13: Damenindisch (5.Lg5)} (10. d5 Na6 11. Be5 O-O 12. O-O-O Bxc3 13. Bxc3 Nxc3 14. Qxc3 Qf6 15. Qxf6 Rxf6 16. h4 g4 17. Ne5 exd5 18. cxd5 {½-½ (34) Moiseenko,A (2709)-Onischuk,A (2672) Antalya 2013}) 10... O-O {[%emt 0:05:15]} (10... Bxc3 $11 11. bxc3 d6) 11. f3 {[%emt 0:09:07]} Nxg3 {[%emt 0:04:16]} 12. hxg3 {[%emt 0:00:02]} Qf6 {[%emt 0:00:14]} 13. Nb5 $146 {[%emt 0:09:36]} ({Vorgänger:} 13. g4 c5 14. d5 Bxc3 15. bxc3 exd5 16. cxd5 Bxd5 17. Qxf5 Qxf5 18. gxf5 Kg7 19. e4 Bg8 20. Nc4 d5 21. Ne3 Nc6 22. Ng4 {1-0 (22) Zaitsev,A-Nikitin,Y Alma-Ata (Kazakhstan) 1969}) 13... a6 {[%emt 0:08:38]} 14. Nc3 {[%emt 0:01:14]} Bd6 {[%emt 0:07:45]} 15. f4 {[%emt 0:01:23]} c5 {[%emt 0:00:32]} 16. d5 {[%emt 0:04:13]} b5 {[%emt 0:08:43]} 17. O-O-O {[%emt 0:02:47]} exd5 {[%emt 0:03:09]} 18. cxd5 {[%emt 0:03:56]} Be7 {[%emt 0:03:52]} 19. e4 {[%emt 0:02:59]} gxf4 {[%emt 0:00:53]} 20. exf5 {[%emt 0:02:06]} fxg3 {[%emt 0:01:48]} 21. Rh5 {[%emt 0:04:17]} Qg7 {[%emt 0:04:23]} 22. Nde4 {[%emt 0:02:29]} Qg4 {[%emt 0:01:47]} 23. Be2 {[%emt 0:01:05]} Qf4+ {[%emt 0:00:53]} 24. Kb1 {[%emt 0:00:01]} Rxf5 {[%emt 0:00:50]} 25. Rf1 {[%emt 0:00:28]} Qxf1+ {[%emt 0:00:24]} 26. Bxf1 {[%emt 0:00:09]} Rxh5 {[%emt 0:00:42]} 27. Nf6+ {[%emt 0:00:10]} Bxf6 {[%emt 0:00:03]} 28. Qg6+ {[%emt 0:00:06]} Bg7 {[%emt 0:00:10]} 29. Qe8+ {[%emt 0:00:13]} Bf8 {[%emt 0:00:14]} 30. Qxh5 {[%emt 0:00:10]} d6 {[%emt 0:01:25]} 31. Qg6+ {[%emt 0:00:12]} Bg7 {[%emt 0:00:06]} 32. Qe6+ $18 {[%emt 0:00:14]} (32. Qe8+ $142 Bf8 33. Bd3 Bc8 34. Qxc8 Ra7 35. Qe6+ Kh8 36. Qf6+ Kg8 37. Bf5) 1-0

[Event "4th Batumi Cup 2018"]
[Site "Batumi"]
[Date "2018.07.06"]
[Round "5"]
[White "Suleymanli Aydin"]
[Black "Levin, Evgeny A"]
[Result "1/2-1/2"]
[WhiteElo "2266"]
[BlackElo "2539"]
[Annotator "RC"]
[PlyCount "50"]
[EventDate "2018.07.03"]
[EventType "swiss"]
[EventCountry "GEO"]
[SourceTitle "playchess.com"]
[Source "ChessBase"]
[SourceQuality "1"]
[TimeControl "40/5400+30:1800+30"]

1. d4 {[%emt 0:00:00]} Nf6 {[%emt 0:01:09]} 2. c4 {[%emt 0:00:00]} g6 {[%emt 0:00:05]} 3. Nc3 {[%emt 0:00:00]} Bg7 {[%emt 0:00:08]} 4. e4 {[%emt 0:00:00]} d6 {[%emt 0:00:05]} 5. f4 {[%emt 0:00:00]} O-O {[%emt 0:00:06]} 6. Nf3 {[%emt 0:00:00]} c5 {[%emt 0:00:37]} 7. d5 {[%emt 0:00:00]} e6 {[%emt 0:00:05]} 8. Be2 {[%emt 0:00:02]} exd5 {[%emt 0:00:05]} 9. cxd5 {[%emt 0:00:03]} Re8 {[%emt 0:00:14]} 10. e5 {[%emt 0:00:05]} dxe5 {[%emt 0:00:07]} 11. fxe5 {[%emt 0:00:05]} Ng4 {[%emt 0:00:03]} 12. e6 {[%emt 0:00:05]} fxe6 {[%emt 0:00:20]} 13. d6 {[%emt 0:00:03]} Bd7 {[%emt 0:01:22]} 14. O-O {[%emt 0:09:01]} Qb6 {[%emt 0:04:13]} 15. Kh1 {[%emt 0:14:19]} Nc6 {[%emt 0:04:23]} 16. Na4 {[%emt 0:14:22]} Qa5 {[%emt 0:00:53]} 17. Bd2 {[%emt 0:01:29]} Nb4 {[%emt 0:01:41]} 18. Nc3 {[%emt 0:00:27]} Qb6 {[%emt 0:01:48]} 19. Bg5 {[%emt 0:01:43]} c4 {[%emt 0:30:43]} 20. Qd2 {[%emt 0:08:37]} h6 {[%emt 0:06:15]} 21. Bf4 {[%emt 0:02:39]} g5 {[%emt 0:02:13]} 22. Bxg5 {[%emt 0:32:48]} hxg5 {[%emt 0:13:36]} 23. Qxg5 {[%emt 0:00:48]} Nc2 {[%emt 0:01:10]} 24. Qxg4 {[%emt 0:14:51]} Nxa1 {[%emt 0:02:27]} 25. Ne5 {[%emt 0:00:25]} Qxd6 {[%emt 0:12:07]} 1/2-1/2